Lịch sử Đảng Bộ tỉnh Bình Dương (1945 - 2010)

Giới thiệu công trình khoa học đánh giá toàn diện, khách quan, khoa học về lịch sử Đảng bộ tỉnh Bình Dương giai đọan 1975 - 2010 nhằm làm nổi bật sự lãnh đạo của Đảng và công lao đóng góp của Đảng bộ và nhân dân Bình Dương đồng thời rút ra b...

पूर्ण विवरण

में बचाया:
ग्रंथसूची विवरण
मुख्य लेखक: Ban Chấp hành Đảng Bộ tỉnh Bình Dương
अन्य लेखक: Huỳnh, Ngọc Đáng
स्वरूप: पुस्तक
भाषा:Undetermined
प्रकाशित: H. Chính trị quốc gia 2011
विषय:
ऑनलाइन पहुंच:http://lrc.tdmu.edu.vn/opac/search/detail.asp?aID=2&ID=14122
टैग : टैग जोड़ें
कोई टैग नहीं, इस रिकॉर्ड को टैग करने वाले पहले व्यक्ति बनें!
Thư viện lưu trữ: Trung tâm Học liệu Trường Đại học Thủ Dầu Một
LEADER 01349nam a2200217Ia 4500
001 TDMU_14122
008 210410s9999 xx 000 0 und d
082 |a 324.2 59774 075 
090 |b B105 
100 |a Ban Chấp hành Đảng Bộ tỉnh Bình Dương 
245 0 |a Lịch sử Đảng Bộ tỉnh Bình Dương (1945 - 2010) 
245 0 |c Ban Thường vụ Tỉnh ủy Bình Dương - Ban Chấp hành Đẩng bộ tỉnh Bình Dương 
260 |a H. 
260 |b Chính trị quốc gia 
260 |c 2011 
300 |a 692tr. 
520 |a Giới thiệu công trình khoa học đánh giá toàn diện, khách quan, khoa học về lịch sử Đảng bộ tỉnh Bình Dương giai đọan 1975 - 2010 nhằm làm nổi bật sự lãnh đạo của Đảng và công lao đóng góp của Đảng bộ và nhân dân Bình Dương đồng thời rút ra bài học kinh nghiệm qua những chặng đường trong công cuộc xây dựng và bảo vệ tổ quốc.  
650 |a Đảng Cộng Sản  |z Bình Dương  |y (1975 - 2010) 
700 |a Huỳnh, Ngọc Đáng 
856 |u http://lrc.tdmu.edu.vn/opac/search/detail.asp?aID=2&ID=14122 
980 |a Trung tâm Học liệu Trường Đại học Thủ Dầu Một